| 000 | 01595nam a2200361 i 4500 | ||
|---|---|---|---|
| 001 | 154277 | ||
| 003 | ES-MaACL | ||
| 005 | 20250724063418.0 | ||
| 008 | 931025s1852 it |||| | ita d | ||
| 040 | _cES-MaACL | ||
| 100 | 1 |
_aGenovesi, Antonio, _d1713-1769 _eaut _956347 |
|
| 245 | 1 | 0 |
_aLezioni di economia civile / _cAntonio Genovesi. Meditazioni sull'economia politica / Pietro Verri. Elementi di economia publica / Cesare Beecaria. Delle leggi politiche ed economiche / Gaetano Filangieri. Dell'economia marionale / Gianmaria Ortes. |
| 260 |
_aTorino : _bCugini Pomba e Comp., _e1852 _f(Tip. Pons e comp.) |
||
| 300 |
_aLXX, 1181 páginas ; _c23 cm. |
||
| 490 | 1 | _aBiblioteca del economista | |
| 530 | _aDisponible en formato digital | ||
| 650 | 7 |
_aEconomía _2embne _912006 |
|
| 650 | 4 |
_9224655 _aEconomía- _zItalia |
|
| 700 | 1 |
_aVerri, Pietro, _d1728-1797 _eclb _9114201 |
|
| 700 | 1 |
_aBeccaria, Cesare, _cmarchese di, _d1738-1794 _eclb _926869 |
|
| 700 | 1 |
_aFilangieri, Gaetano, _d1752-1788 _eclb _950821 |
|
| 700 | 1 |
_aOrtes, Giammaria, _d1713-1790 _eclb _987519 |
|
| 740 | 0 | 2 | _aMeditazioni sull'economia politica |
| 740 | 0 | 2 | _aElementi di economia publica |
| 740 | 0 | 2 | _aDelle leggi politiche ed economiche |
| 740 | 0 | 2 | _aDell'economia marionale |
| 830 | 0 |
_aBiblioteca dell economista _9188577 |
|
| 852 |
_aES-MaACL _cSPB _jB-8957 _xHolandesa |
||
| 856 | 4 |
_uhttps://patrimoniodigital.ucm.es/s/patrimonio/item/591882 _yVersión en línea _z(Patrimonio Digital Complutense) |
|
| 942 |
_cMONANT _n0 |
||
| 999 |
_c154277 _d154277 |
||